| 000 | 00569nam a2200205Ia 4500 | ||
|---|---|---|---|
| 005 | 20250326143611.0 | ||
| 008 | 250326s9999 xx 000 0 und d | ||
| 020 | _a81-85984-13-1 | ||
| 037 | _aTextbook | ||
| 040 |
_aFMSL _beng _cFMSL |
||
| 041 |
_aeng _2eng |
||
| 084 |
_aX8(A):8 P5 _qFMSL |
||
| 100 | _aGoldratt E M | ||
| 245 | 0 |
_aGoal : Process of ongoing improvement _cGoldratt E M; Cox J |
|
| 250 | _a3 | ||
| 260 |
_aIndia _bIndia, Productivity and Quality _c2005 |
||
| 300 | _avii,396 | ||
| 942 |
_cTB _hX8(A):8 P5 |
||
| 999 |
_c1300222 _d1300222 |
||